Guess the Fragrance Brand - Statistics

General Stats
  • This quiz has been taken 179 times
  • The average score is 15 of 20
Answer Stats
Fragrances Answer Country % Correct
-Homme-Sauvage -Hypnotic Poison Dior France
98%
-Stronger With You -Acqua Di Gio -Armani Code Giorgio Armani Italy
97%
-Tobacco Vanille-Lost Cherry -Ombre Leather Tom Ford United States
95%
-Eros-Dylan Blue -Crystal Noir Versace Italy
95%
-Le Male,-Le Male Elixir -Le Beau Jean Paul Gaultier France
91%
-Uomo Born in Roma Intense-Uomo Coral Fantasy -Donna Valentino Italy
91%
-Y-Black Opium -Myself Yves Saint Laurent France
90%
-Imagination-Pacific Chill -Afternoon Swim Louis Vuitton France
88%
-Layton-Greenley -Herod Parfums De Marly France
81%
-Legend Spirit-Explorer -Signature Montblanc Germany
78%
-Khamrah-Asad -Bade'e La Oud Lattafa United Arab Emirates
77%
-L'Homme-Luna Rossa -Paradoxe Prada Italy
75%
-Guilty-Flora Gorgeous Gardenia -Bloom Gucci Italy
74%
-Naxos 1861-40 Knotts -Alexandria II Xerjoff Italy
71%
-Angels' Share-Apple Brandy on the Rocks -Black Phantom Kilian France
69%
-Jazz Club-By the Fireplace -Lazy Sunday Morning Maison Margiela France
64%
-Goddess-Hero -London Burberry United Kingdom
62%
-Devotion-The One -Light Blue Dolce & Gabanna Italy
58%
-Cedrat Boise-Tonka Cola -Instant Crush Mancera France
56%
-Baccarat Rouge 540-Grand Soir -Oud Satin Mood Maison Francis Kurkdijan France
31%
No matching quizzes found
Score Distribution
Percent of People with Each Score
Percentile by Number Answered
Your Score History
You have not taken this quiz